000 00360nam a2200157Ia 4500
008 221030s9999 xx 000 0 und d
020 _a08769229910
041 _aEnglish
082 _a105.23
100 _aJ. D. Ryder
245 0 _aNetworks Lines & Fields
_cby J. D. Ryder
250 _a2nd
260 _bPHI
_aNew Delhi
_c1988
650 _aEE
942 _cBK
999 _c6087
_d6087